000 00729nam a2200229Ia 4500
005 20260601193246.0
008 260601s9999||||xx |||||||||||||| ||und||
020 _a978-3-031-62624-1
_qebk
100 _aTammam A. T. Benmusa
245 0 _aInformation and Communications Technologies
250 _a2024
260 _aHeidelberg, Germany
_bSpringer Nature
_c2024
440 _aCommunications in Computer and Information Science
650 _aComputer Science
700 _aAhmed S. Ashur
700 _aIbrahim M. Saleh
700 _aIssmail M. Ellabib
700 _aMohamed Samir Elbuni
700 _aNabil M. Drawil
856 _uhttps://link.springer.com/openurl?genre=book&isbn=978-3-031-62624-1
942 _cEB
_2ddc
999 _c56574
_d56574